[Event "DVM U14 2015"]
[Site "Verden/Aller GER"]
[Date "2015.12.30"]
[Round "7"]
[White "Browning, Alex"]
[Black "Schneider, Jana"]
[Result "1/2-1/2"]
[Termination "normal"]
[Board "3.1"]
[WhiteElo "1933"]
[BlackElo "2113"]
[WhiteTeam "Märkischer Springer Halver-Schalksmühle"]
[BlackTeam "Spvgg 1946 Stetten"]
[PlyCount "117"]
[WhiteFideId "12984019"]
[BlackFideId "12924997"]
[EventCountry "GER"]
[EventRounds "7"]
[EventType "team-swiss"]
[EventDate "2015.12.26"]

1. e4 e5 2. Nf3 Nc6 3. Bb5 a6 4. Ba4 Nf6 5. O-O Be7 6. Re1 b5 7. Bb3 d6 8. c3
O-O 9. h3 Na5 10. Bc2 c5 11. d4 Qc7 12. Nbd2 Be6 13. Nf1 Nc4 14. b3 Nb6 15. Be3
Rfc8 16. Rc1 a5 17. Qe2 Bd7 18. Ng3 a4 19. Bb1 axb3 20. axb3 Ra3 21. Nd2 Rca8
22. Nf5 Bf8 23. Bg5 c4 24. Bxf6 gxf6 25. Qg4+ Kh8 26. Qh4 Qd8 27. Qh5 cxb3 28.
Qxf7 R8a7 29. Qh5 Qe8 30. Qh4 Qg6 31. dxe5 dxe5 32. Nf3 Bxf5 33. exf5 Qh6 34.
Qe4 Nc4 35. Rcd1 Nd6 36. Qc6 R3a6 37. Qd5 Rg7 38. Kh1 Ra4 39. Nh2 Rf4 40. Re2
Nxf5 41. Bxf5 Rxf5 42. Qxb3 e4 43. Qe6 Qg5 44. Rg1 Re5 45. Qg4 Qh6 46. Qc8 Rg8
47. Ng4 Qh5 48. Nxe5 Qxe5 49. Qc6 Bd6 50. g3 Qh5 51. h4 Qxe2 52. Qxd6 Qxf2 53.
Rg2 Qe1+ 54. Kh2 Qxc3 55. Re2 b4 56. Rxe4 b3 57. Rd4 Qc2+ 58. Rd2 Qc3 59. Rd4
1/2-1/2

[Event "DVM U14 2015"]
[Site "Verden/Aller GER"]
[Date "2015.12.30"]
[Round "7"]
[White "Kölz, Niklas"]
[Black "Häusler, Luis"]
[Result "1-0"]
[Termination "normal"]
[Board "3.3"]
[WhiteElo "1703"]
[BlackElo "1390"]
[WhiteTeam "Märkischer Springer Halver-Schalksmühle"]
[BlackTeam "Spvgg 1946 Stetten"]
[PlyCount "57"]
[WhiteFideId "12971758"]
[BlackFideId "12942928"]
[EventCountry "GER"]
[EventRounds "7"]
[EventType "team-swiss"]
[EventDate "2015.12.26"]

1. e4 c5 2. Nf3 d6 3. d4 cxd4 4. Nxd4 Nf6 5. Nc3 a6 6. f3 e6 7. Be3 Be7 8. Qd2
b5 9. g4 Bb7 10. O-O-O Qc7 11. Kb1 Nfd7 12. Bg5 Bxg5 13. Qxg5 O-O 14. h4 Nc6
15. Nxc6 Qxc6 16. a3 f5 17. gxf5 exf5 18. Nd5 Kh8 19. Ne7 Qc5 20. Nxf5 Rxf5 21.
exf5 Bxf3 22. Rg1 Rg8 23. Re1 Nf6 24. Bd3 Qc7 25. Re6 Bd5 26. Re2 Re8 27. Qxf6
Rxe2 28. Qf8+ Bg8 29. Bxe2 1-0

[Event "DVM U14 2015"]
[Site "Verden/Aller GER"]
[Date "2015.12.30"]
[Round "7"]
[White "Binner, Jule"]
[Black "Browning, Rebecca"]
[Result "0-1"]
[Termination "normal"]
[Board "3.4"]
[WhiteElo "1393"]
[BlackElo "1589"]
[WhiteTeam "Spvgg 1946 Stetten"]
[BlackTeam "Märkischer Springer Halver-Schalksmühle"]
[PlyCount "74"]
[WhiteFideId "16205332"]
[BlackFideId "12984027"]
[EventCountry "GER"]
[EventRounds "7"]
[EventType "team-swiss"]
[EventDate "2015.12.26"]

1. e4 e6 2. d4 d5 3. exd5 exd5 4. Bd3 c5 5. dxc5 Bxc5 6. Nf3 Nf6 7. O-O O-O 8.
c3 Nc6 9. Bg5 Be7 10. Nbd2 h6 11. Bxf6 Bxf6 12. Nb3 Re8 13. Qc2 Be6 14. Rfe1
Rc8 15. Qd2 Qc7 16. Bc2 Red8 17. Nbd4 Bg4 18. Qd3 g6 19. Rac1 Ne5 20. Nxe5 Bxe5
21. h3 Bd7 22. Rcd1 Bf6 23. Bb3 Bxd4 24. Qxd4 b6 25. Qh4 h5 26. Bxd5 Re8 27.
Qf6 Bf5 28. g4 hxg4 29. hxg4 Bxg4 30. Qxg6+ Kh8 31. Rxe8+ Rxe8 32. Qxg4 Rg8 33.
Qxg8+ Kxg8 34. Bb3 a5 35. Rd5 Qf4 36. Rd8+ Kg7 37. Kg2 Qg5+ 0-1

[Event "DVM U14 2015"]
[Site "Verden/Aller GER"]
[Date "2015.12.30"]
[Round "7"]
[White "Tong, Kevin"]
[Black "Wiesner, Alexander"]
[Result "1-0"]
[Termination "normal"]
[Board "4.1"]
[WhiteElo "2033"]
[BlackElo "1886"]
[WhiteTeam "SC Erlangen 48/88"]
[BlackTeam "Karlsruher SF 1853"]
[PlyCount "53"]
[WhiteFideId "12913944"]
[BlackFideId "12943991"]
[EventCountry "GER"]
[EventRounds "7"]
[EventType "team-swiss"]
[EventDate "2015.12.26"]

1. e4 c5 2. Nf3 Nc6 3. d4 cxd4 4. Nxd4 Nf6 5. Nc3 e5 6. Ndb5 d6 7. Bg5 a6 8.
Na3 b5 9. Bxf6 gxf6 10. Nd5 f5 11. Bxb5 axb5 12. Nxb5 Ra5 13. Nbc7+ Kd7 14. Qh5
Ne7 15. Qxf7 Kc6 16. b4 Ra3 17. O-O Nxd5 18. exd5+ Kb6 19. Ne6 Bxe6 20. Qxe6
Qg5 21. Qc8 Rg8 22. Qb8+ Ka6 23. Qa8+ Kb5 24. Qb7+ Kc4 25. Qc6+ Kd4 26. Rad1+
Ke4 27. Qc4# 1-0

[Event "DVM U14 2015"]
[Site "Verden/Aller GER"]
[Date "2015.12.30"]
[Round "7"]
[White "Chernykh, Arkady"]
[Black "Haas, Maximilian"]
[Result "1/2-1/2"]
[Termination "normal"]
[Board "4.2"]
[WhiteElo "1822"]
[BlackElo "1650"]
[WhiteTeam "Karlsruher SF 1853"]
[BlackTeam "SC Erlangen 48/88"]
[PlyCount "53"]
[WhiteFideId "12989436"]
[BlackFideId "12959219"]
[EventCountry "GER"]
[EventRounds "7"]
[EventType "team-swiss"]
[EventDate "2015.12.26"]

1. d4 a6 2. e4 e6 3. Nf3 d5 4. exd5 exd5 5. Be2 Bd6 6. O-O Bf5 7. Re1 Ne7 8. c4
c6 9. Nc3 O-O 10. cxd5 cxd5 11. Bd3 Bxd3 12. Qxd3 f6 13. Bd2 Nbc6 14. a3 Qd7
15. h3 b5 16. Ne2 Ng6 17. Rac1 b4 18. Rc2 Nd8 19. b3 Ne6 20. Be3 Kf7 21. Qd2
Ne7 22. Nf4 Nxf4 23. Bxf4 g5 24. Bg3 a5 25. h4 g4 26. Nh2 h5 27. Nf1 1/2-1/2

[Event "DVM U14 2015"]
[Site "Verden/Aller GER"]
[Date "2015.12.30"]
[Round "7"]
[White "Grüninger, Maxim"]
[Black "Koll, Lukas"]
[Result "0-1"]
[Termination "normal"]
[Board "4.3"]
[WhiteElo "1579"]
[BlackElo "1633"]
[WhiteTeam "SC Erlangen 48/88"]
[BlackTeam "Karlsruher SF 1853"]
[PlyCount "60"]
[WhiteFideId "12942960"]
[BlackFideId "12969737"]
[EventCountry "GER"]
[EventRounds "7"]
[EventType "team-swiss"]
[EventDate "2015.12.26"]

1. e4 c6 2. d4 d5 3. Nc3 dxe4 4. f3 exf3 5. Nxf3 Bg4 6. Bc4 e6 7. O-O Nf6 8.
Be3 Be7 9. Qe1 O-O 10. Kh1 Nbd7 11. Bd3 Nb6 12. Qh4 Bh5 13. Ng5 h6 14. Nge4 Bg6
15. Bg5 hxg5 16. Nxg5 Nh5 17. Nce4 f5 18. g4 Bxg5 19. Nxg5 Qd5+ 20. Rf3 Nf6 21.
gxf5 exf5 22. Re1 Nh7 23. Kg1 Nxg5 24. Qxg5 Bh7 25. Re7 Rf7 26. Rxf7 Qxf7 27.
Rh3 Qg6 28. Qxg6 Bxg6 29. Rg3 Kf7 30. c4 Rd8 0-1

[Event "DVM U14 2015"]
[Site "Verden/Aller GER"]
[Date "2015.12.30"]
[Round "7"]
[White "Fidlin, Simon"]
[Black "Richardt, Josia"]
[Result "1-0"]
[Termination "normal"]
[Board "4.4"]
[WhiteElo "1450"]
[BlackElo "1246"]
[WhiteTeam "Karlsruher SF 1853"]
[BlackTeam "SC Erlangen 48/88"]
[PlyCount "61"]
[WhiteFideId "16217535"]
[BlackFideId "16217594"]
[EventCountry "GER"]
[EventRounds "7"]
[EventType "team-swiss"]
[EventDate "2015.12.26"]

1. e4 Nc6 2. Nf3 d5 3. exd5 Qxd5 4. Nc3 Qh5 5. d4 Bg4 6. Be2 e6 7. h3 O-O-O 8.
O-O Bxf3 9. Bxf3 Qg6 10. Bxc6 bxc6 11. Qf3 Kb7 12. Be3 Nf6 13. Rfc1 Nd5 14.
Nxd5 cxd5 15. c4 c6 16. c5 Be7 17. Bf4 Bg5 18. Bxg5 Qxg5 19. Qxf7+ Kb8 20. Rc3
Rde8 21. Rb3+ Kc8 22. Qxa7 Qf4 23. Qa8+ Kd7 24. Rb7+ Qc7 25. Rxc7+ Kxc7 26.
Qa7+ Kc8 27. Rc1 Rhf8 28. Rc3 Kd8 29. Rb3 Re7 30. Qb8+ Kd7 31. Rb7# 1-0

[Event "DVM U14 2015"]
[Site "Verden/Aller GER"]
[Date "2015.12.30"]
[Round "7"]
[White "Savchenko, Daniel"]
[Black "Silber, Kevin"]
[Result "1/2-1/2"]
[Termination "normal"]
[Board "5.1"]
[WhiteElo "1849"]
[BlackElo "1836"]
[WhiteTeam "Düsseldorfer SK 14/25"]
[BlackTeam "Delmenhorster SK V 1931"]
[PlyCount "66"]
[WhiteFideId "12919195"]
[BlackFideId "12930440"]
[EventCountry "GER"]
[EventRounds "7"]
[EventType "team-swiss"]
[EventDate "2015.12.26"]

1. e4 c5 2. Nf3 Nc6 3. d4 cxd4 4. Nxd4 Nf6 5. Nc3 e5 6. Ndb5 d6 7. Nd5 Nxd5 8.
exd5 Ne7 9. c4 Nf5 10. Be2 Be7 11. O-O O-O 12. Kh1 a6 13. Nc3 g6 14. Be3 Nxe3
15. fxe3 Bg5 16. Qd2 f5 17. b4 Qb6 18. Na4 Qxe3 19. Qxe3 Bxe3 20. c5 Bd7 21.
Nb6 Rad8 22. Nxd7 Rxd7 23. c6 bxc6 24. dxc6 Rc7 25. Bc4+ Kg7 26. Bd5 Rb8 27.
Rab1 e4 28. a4 Bb6 29. g3 e3 30. Kg2 Kf6 31. Bf3 Rd8 32. Rfd1 Re7 33. Kf1 g5
1/2-1/2

[Event "DVM U14 2015"]
[Site "Verden/Aller GER"]
[Date "2015.12.30"]
[Round "7"]
[White "Sinnhöfer, Jonas"]
[Black "Kreutzmann, Duke"]
[Result "1-0"]
[Termination "normal"]
[Board "5.2"]
[WhiteElo "1741"]
[BlackElo "1840"]
[WhiteTeam "Delmenhorster SK V 1931"]
[BlackTeam "Düsseldorfer SK 14/25"]
[PlyCount "77"]
[WhiteFideId "12982938"]
[BlackFideId "1330055"]
[EventCountry "GER"]
[EventRounds "7"]
[EventType "team-swiss"]
[EventDate "2015.12.26"]

1. e4 e6 2. d4 d5 3. Nd2 Nf6 4. e5 Nfd7 5. Bd3 c5 6. c3 Nc6 7. Ne2 cxd4 8. cxd4
f6 9. exf6 Nxf6 10. O-O Bd6 11. Nf3 Qc7 12. Bg5 O-O 13. Bh4 Nh5 14. Qc2 h6 15.
Bh7+ Kh8 16. Bg6 Nf6 17. Bg3 Bxg3 18. fxg3 Kg8 19. Ne5 Bd7 20. Rac1 Qd6 21.
Nxc6 Bxc6 22. Nf4 Rac8 23. Qe2 Bd7 24. Rfe1 Rxc1 25. Rxc1 Qb6 26. Qd2 e5 27.
Ne2 Bb5 28. Bd3 Bxd3 29. Qxd3 Ne4 30. b3 Qf6 31. h3 Qf2+ 32. Kh2 Ng5 33. dxe5
Nf3+ 34. Kh1 Ne1 35. Qxd5+ Kh8 36. Qe4 Qf1+ 37. Kh2 Qf2 38. Nf4 Rxf4 39. gxf4
1-0

[Event "DVM U14 2015"]
[Site "Verden/Aller GER"]
[Date "2015.12.30"]
[Round "7"]
[White "Righi, Sofian"]
[Black "Petri, Ben-Luca"]
[Result "1/2-1/2"]
[Termination "normal"]
[Board "5.3"]
[WhiteElo "1620"]
[BlackElo "1530"]
[WhiteTeam "Düsseldorfer SK 14/25"]
[BlackTeam "Delmenhorster SK V 1931"]
[PlyCount "70"]
[WhiteFideId "12987581"]
[BlackFideId "12947261"]
[EventCountry "GER"]
[EventRounds "7"]
[EventType "team-swiss"]
[EventDate "2015.12.26"]

1. d4 Nf6 2. c4 g6 3. Nc3 d5 4. Nf3 Bg7 5. Bg5 c6 6. e3 O-O 7. Be2 Nbd7 8. O-O
Re8 9. cxd5 cxd5 10. Bf4 a6 11. Rc1 e6 12. Na4 Nh5 13. Bc7 Qe7 14. Ba5 b5 15.
Nc5 Nxc5 16. Rxc5 Bd7 17. Qb3 Rec8 18. Rfc1 Rxc5 19. Rxc5 Rc8 20. Bb4 Rxc5 21.
Bxc5 Qe8 22. Qc3 Nf6 23. Nd2 Bc6 24. Qa5 Qc8 25. a4 bxa4 26. Bxa6 Qa8 27. b4
axb3 28. Nxb3 Nd7 29. Bd3 Qxa5 30. Nxa5 Ba4 31. Ba6 Bf8 32. Nb7 Bc6 33. Bxf8
Kxf8 34. Na5 Ba4 35. Kf1 Ke7 1/2-1/2

[Event "DVM U14 2015"]
[Site "Verden/Aller GER"]
[Date "2015.12.30"]
[Round "7"]
[White "Rabe, Maximilian"]
[Black "Oezdemir, Edwin-Daniel"]
[Result "1/2-1/2"]
[Termination "normal"]
[Board "5.4"]
[WhiteElo "1204"]
[BlackElo "1568"]
[WhiteTeam "Delmenhorster SK V 1931"]
[BlackTeam "Düsseldorfer SK 14/25"]
[PlyCount "100"]
[WhiteFideId "12982911"]
[BlackFideId "12919055"]
[EventCountry "GER"]
[EventRounds "7"]
[EventType "team-swiss"]
[EventDate "2015.12.26"]

1. e4 c5 2. Nf3 d6 3. d4 cxd4 4. Nxd4 Nf6 5. Nc3 g6 6. Be3 Bg7 7. Bc4 O-O 8. f4
Nc6 9. Qf3 Bd7 10. h3 Rc8 11. Bd3 a6 12. f5 Ne5 13. Qe2 Qb6 14. Nb3 Qb4 15. Bd2
Qb6 16. O-O-O Qc7 17. g4 b5 18. a3 Nxd3+ 19. Qxd3 a5 20. Rdg1 b4 21. axb4 axb4
22. Qe3 bxc3 23. Bxc3 Bc6 24. Rh2 Nxe4 25. h4 Nxc3 26. bxc3 Ba4 27. Nd4 Qxc3
28. Qxc3 Rxc3 29. Rd1 Bxd4 30. Rxd4 Bd7 31. Rf2 Rh3 32. h5 gxh5 33. gxh5 f6 34.
Re4 Kf7 35. Rfe2 Re8 36. Rf2 Rxh5 37. Ref4 Rg8 38. Kb2 Rgg5 39. c3 Rxf5 40.
Rxf5 Rxf5 41. Rh2 Kg7 42. Kb3 Rc5 43. Kb4 Kg6 44. Re2 Rb5+ 45. Kc4 e6 46. Rd2
d5+ 47. Kd4 e5+ 48. Ke3 Rb3 49. Rxd5 Rxc3+ 50. Ke4 Bc6 1/2-1/2

[Event "DVM U14 2015"]
[Site "Verden/Aller GER"]
[Date "2015.12.30"]
[Round "7"]
[White "Garbuz, Vitaliy"]
[Black "Wendler, David"]
[Result "1/2-1/2"]
[Termination "normal"]
[Board "6.1"]
[WhiteElo "1882"]
[BlackElo "1912"]
[WhiteTeam "SF Brackel 1930"]
[BlackTeam "SK Bebenhausen 1992"]
[PlyCount "88"]
[WhiteFideId "12990710"]
[BlackFideId "12938360"]
[EventCountry "GER"]
[EventRounds "7"]
[EventType "team-swiss"]
[EventDate "2015.12.26"]

1. e4 c5 2. d4 cxd4 3. c3 Nf6 4. e5 Nd5 5. Nf3 Nc6 6. Bc4 Nb6 7. Bb3 d5 8. exd6
Qxd6 9. Na3 a6 10. Nxd4 Nxd4 11. Qxd4 Qxd4 12. cxd4 e6 13. Nb1 Bd7 14. Nc3 Bc6
15. f3 Be7 16. Bf4 Rc8 17. Rd1 Bh4+ 18. Ke2 O-O 19. Rd2 Rfd8 20. Rhd1 Nd5 21.
Nxd5 Bxd5 22. Bxd5 Rxd5 23. Rd3 Bg5 24. Bxg5 Rxg5 25. Kf2 Rc2+ 26. R1d2 Rxd2+
27. Rxd2 Rd5 28. Rc2 Kf8 29. Ke3 Rd7 30. a4 Ke7 31. b4 Kd6 32. a5 Rc7 33. Rxc7
Kxc7 34. Kd3 Kc6 35. Kc4 f5 36. f4 g6 37. h3 h6 38. h4 h5 39. g3 b5+ 40. Kc3
Kd6 41. Kd2 Kc6 42. Ke3 Kd6 43. Kd2 Kd5 44. Kd3 Kc6 1/2-1/2

[Event "DVM U14 2015"]
[Site "Verden/Aller GER"]
[Date "2015.12.30"]
[Round "7"]
[White "Kartsev, Nikolaj"]
[Black "De Rentiis, Davide Luca"]
[Result "1-0"]
[Termination "normal"]
[Board "6.3"]
[WhiteElo "1700"]
[BlackElo "1287"]
[WhiteTeam "SF Brackel 1930"]
[BlackTeam "SK Bebenhausen 1992"]
[PlyCount "43"]
[WhiteFideId "12939536"]
[BlackFideId "12967050"]
[EventCountry "GER"]
[EventRounds "7"]
[EventType "team-swiss"]
[EventDate "2015.12.26"]

1. e4 c5 2. Nf3 Nc6 3. d4 cxd4 4. Nxd4 g6 5. Nc3 Bg7 6. Be3 Nf6 7. f3 O-O 8.
Bc4 Qb6 9. Rb1 Nxe4 10. Nd5 Qc5 11. Nxc6 Qxc4 12. Ncxe7+ Kh8 13. fxe4 Qxe4 14.
O-O Qa4 15. b3 Qa5 16. Bd4 Qd8 17. Bxg7+ Kxg7 18. Qd4+ f6 19. Rxf6 Kh6 20. Nf5+
Kh5 21. g4+ Kg5 22. h4# 1-0

[Event "DVM U14 2015"]
[Site "Verden/Aller GER"]
[Date "2015.12.30"]
[Round "7"]
[White "Greitmann, Niklas"]
[Black "Kracht, Raphael"]
[Result "1-0"]
[Termination "normal"]
[Board "6.4"]
[WhiteElo "1265"]
[BlackElo "1689"]
[WhiteTeam "SK Bebenhausen 1992"]
[BlackTeam "SF Brackel 1930"]
[PlyCount "231"]
[WhiteFideId "16200705"]
[BlackFideId "16214382"]
[EventCountry "GER"]
[EventRounds "7"]
[EventType "team-swiss"]
[EventDate "2015.12.26"]

1. c4 Nf6 2. g3 c6 3. Bg2 d5 4. b3 g6 5. Bb2 Bg7 6. Nf3 O-O 7. O-O Qb6 8. Qc2
Bf5 9. d3 Na6 10. Qd2 Rfd8 11. Qc1 Nc5 12. Bd4 Nfd7 13. Bxg7 Kxg7 14. Qc3+ Nf6
15. h3 Kg8 16. Nbd2 Rac8 17. Rab1 Na6 18. Nd4 Bd7 19. N4f3 Qc7 20. Qe5 Qxe5 21.
Nxe5 Be6 22. Ndf3 Ne8 23. Nd4 Nac7 24. Nxe6 Nxe6 25. e3 f6 26. Nf3 Nd6 27. d4
Ne4 28. c5 Nc7 29. Rb2 Re8 30. Nd2 Nxd2 31. Rxd2 e5 32. dxe5 fxe5 33. h4 Kg7
34. Bh3 Rcd8 35. Rfd1 Nb5 36. Bg2 d4 37. exd4 exd4 38. Rd3 Nc3 39. R1d2 Re2 40.
Rxe2 Nxe2+ 41. Kf1 Nc3 42. a3 Nb5 43. b4 Kf6 44. Ke1 Kf5 45. Kd2 Nc7 46. Rf3+
Ke6 47. Kd3 Nd5 48. Bh3+ Ke7 49. Bf1 b6 50. cxb6 axb6 51. Kc4 Ke6 52. Rd3 Nc3
53. Rxd4 Rxd4+ 54. Kxd4 Na4 55. Bc4+ Kd6 56. Bg8 h6 57. Bf7 g5 58. hxg5 hxg5
59. g4 c5+ 60. bxc5+ Nxc5 61. f3 Nd7 62. Ke4 Ke7 63. Bc4 Kf6 64. Kd5 Ke7 65.
Bb5 Nc5 66. Kc6 Nd7 67. Be2 Ke6 68. Kb5 Kd6 69. Bd3 Kc7 70. Bf5 Ne5 71. Be4 Nd7
72. Bc2 Nc5 73. Bd1 Nd7 74. Kc4 Kd6 75. Kd4 Ne5 76. a4 Nd7 77. Bc2 Nc5 78. Bd1
Nd7 79. Ke4 Ke6 80. Bb3+ Kf6 81. Kd5 Ke7 82. Bc2 Nf6+ 83. Kc6 Nd7 84. Bf5 Nc5
85. Bc2 Nd7 86. Kd5 Kf6 87. Kd6 Ne5 88. Bd1 Nc4+ 89. Kc6 Ke5 90. Kb5 Kd4 91.
Kc6 Ke5 92. Kb5 Kd4 93. Bb3 Nd2 94. Be6 Nxf3 95. Kxb6 Ke5 96. Bf5 Nd4 97. Bc8
Nb3 98. a5 Nxa5 99. Kxa5 Kf6 100. Kb4 Kg6 101. Kc5 Kf6 102. Kd6 Kg7 103. Ke7
Kg6 104. Ke6 Kg7 105. Kf5 Kh6 106. Kf6 Kh7 107. Kxg5 Kh8 108. Kf6 Kg8 109. Kg6
Kh8 110. Kf7 Kh7 111. g5 Kh8 112. Be6 Kh7 113. g6+ Kh8 114. g7+ Kh7 115. g8=Q+
Kh6 116. Qg6# 1-0

[Event "DVM U14 2015"]
[Site "Verden/Aller GER"]
[Date "2015.12.30"]
[Round "7"]
[White "Kesselmeier, Kevin"]
[Black "Pfreundt, Mathis"]
[Result "1/2-1/2"]
[Termination "normal"]
[Board "7.1"]
[WhiteElo "1660"]
[BlackElo "1871"]
[WhiteTeam "SK Blauer Springer Paderborn 1926"]
[BlackTeam "Königsspringer SC 1984"]
[PlyCount "63"]
[WhiteFideId "16217551"]
[BlackFideId "12967092"]
[EventCountry "GER"]
[EventRounds "7"]
[EventType "team-swiss"]
[EventDate "2015.12.26"]

1. e4 c5 2. Nf3 Nc6 3. Bb5 Qb6 4. Bxc6 Qxc6 5. d3 g6 6. O-O Bg7 7. c3 e6 8. Re1
Ne7 9. d4 cxd4 10. cxd4 d5 11. Nc3 O-O 12. Bf4 dxe4 13. Nxe4 Qb6 14. Bd6 Re8
15. Qd2 Nf5 16. Bc5 Qa6 17. Qf4 b6 18. Nd6 Nxd6 19. Bxd6 f6 20. Rec1 Bb7 21.
Rc7 Rac8 22. Rac1 Rxc7 23. Rxc7 Bxf3 24. Qxf3 Qxa2 25. h3 Qd5 26. Qxd5 exd5 27.
Bf4 Re2 28. Rxa7 Rxb2 29. Ra8+ Kf7 30. Ra7+ Kg8 31. Ra8+ Kf7 32. Ra7+ 1/2-1/2

[Event "DVM U14 2015"]
[Site "Verden/Aller GER"]
[Date "2015.12.30"]
[Round "7"]
[White "Kipke, Kevin"]
[Black "Schlangenotto, Niklas"]
[Result "1/2-1/2"]
[Termination "normal"]
[Board "7.2"]
[WhiteElo "1666"]
[BlackElo "1661"]
[WhiteTeam "Königsspringer SC 1984"]
[BlackTeam "SK Blauer Springer Paderborn 1926"]
[PlyCount "54"]
[WhiteFideId "12988332"]
[BlackFideId "16217560"]
[EventCountry "GER"]
[EventRounds "7"]
[EventType "team-swiss"]
[EventDate "2015.12.26"]

1. e4 e6 2. d4 d5 3. e5 c5 4. Qg4 cxd4 5. Nf3 Nc6 6. Bd3 Qc7 7. Qg3 Nge7 8. O-O
Bd7 9. Re1 a6 10. Nbd2 b5 11. Nb3 Qb6 12. Qg4 Rc8 13. Qh5 g6 14. Qh4 h6 15. Qf6
Rg8 16. Qh4 Qc7 17. Bd2 Nf5 18. Bxf5 exf5 19. Nfxd4 Nxd4 20. Nxd4 Be6 21. Re3
Qe7 22. Qh3 f4 23. Nxe6 fxe3 24. Ng7+ Kd8 25. Ba5+ Rc7 26. Qxe3 Kc8 27. Bxc7
Kxc7 1/2-1/2

[Event "DVM U14 2015"]
[Site "Verden/Aller GER"]
[Date "2015.12.30"]
[Round "7"]
[White "Wanke, Mathis"]
[Black "Cinar, Alihan"]
[Result "1-0"]
[Termination "normal"]
[Board "7.3"]
[WhiteElo "1544"]
[BlackElo "1171"]
[WhiteTeam "SK Blauer Springer Paderborn 1926"]
[BlackTeam "Königsspringer SC 1984"]
[PlyCount "111"]
[WhiteFideId "16217578"]
[BlackFideId "16217608"]
[EventCountry "GER"]
[EventRounds "7"]
[EventType "team-swiss"]
[EventDate "2015.12.26"]

1. d4 Nf6 2. Nf3 e6 3. c3 d5 4. Bf4 Bd6 5. Bg3 Qe7 6. e3 Nbd7 7. Nbd2 e5 8.
dxe5 Nxe5 9. Nxe5 Bxe5 10. Bxe5 Qxe5 11. Nf3 Qe7 12. Bd3 Be6 13. Nd4 c5 14. Nf5
Bxf5 15. Bxf5 O-O 16. h3 Rad8 17. Qa4 a6 18. O-O Rd6 19. Rad1 Rfd8 20. Rfe1 Qc7
21. Bb1 c4 22. Rd4 b5 23. Qc2 Re6 24. Red1 Red6 25. Qd2 Qb6 26. e4 Re8 27. exd5
Re5 28. Re1 Rxe1+ 29. Qxe1 g6 30. Qe5 Qd8 31. Be4 Nxe4 32. Qxe4 Qf6 33. f4 Qd8
34. g3 Kf8 35. Qe5 f6 36. Qe4 Kg7 37. Kf2 Qd7 38. Rd1 Kf7 39. g4 f5 40. gxf5
Qxf5 41. Qxf5+ gxf5 42. Ke3 Rh6 43. Rh1 Ke7 44. Kd4 Kd6 45. Re1 Rxh3 46. Re6+
Kc7 47. Rxa6 Rh2 48. a4 Rxb2 49. axb5 Rxb5 50. Kxc4 Rb7 51. Rf6 Rb8 52. Rf7+
Kd6 53. Rxh7 Ra8 54. Kd4 Ra4+ 55. c4 Rb4 56. Rh5 1-0

[Event "DVM U14 2015"]
[Site "Verden/Aller GER"]
[Date "2015.12.30"]
[Round "7"]
[White "Summers, Jan"]
[Black "Müller, Noah"]
[Result "0-1"]
[Termination "normal"]
[Board "7.4"]
[WhiteElo "1185"]
[BlackElo "1619"]
[WhiteTeam "Königsspringer SC 1984"]
[BlackTeam "SK Blauer Springer Paderborn 1926"]
[PlyCount "96"]
[WhiteFideId "16217624"]
[BlackFideId "16217586"]
[EventCountry "GER"]
[EventRounds "7"]
[EventType "team-swiss"]
[EventDate "2015.12.26"]

1. e4 d5 2. exd5 Qxd5 3. Nc3 Qa5 4. d4 c6 5. Bc4 Nf6 6. Bd2 Qc7 7. Qe2 Bf5 8.
O-O-O e6 9. Nf3 Be7 10. Ne5 Nbd7 11. Bf4 Nxe5 12. Qxe5 Qxe5 13. Bxe5 O-O 14. h3
Rad8 15. f3 Nd5 16. Bxd5 cxd5 17. g4 Bg6 18. h4 h6 19. h5 Bh7 20. Bh2 Rc8 21.
f4 Rfd8 22. Rhg1 b5 23. Rd2 b4 24. Nd1 a5 (24... g5 25. b3 Bf6 26. fxg5) 25. b3
Bf6 26. g5 Bxd4 27. Rg3 hxg5 28. fxg5 Bf5 29. Bg1 Bxg1 30. Rxg1 a4 31. Rgg2 e5
32. Rgf2 Bg4 33. h6 Bxd1 34. Kxd1 Rc5 35. h7+ Kxh7 36. Rxf7 Re8 37. Rg2 Kg6 38.
Rff2 Re7 39. Rg4 Rf7 40. Rxf7 Kxf7 41. Kd2 Kg6 42. Rg1 Kf5 43. Kd3 Rc3+ 44. Kd2
Rc6 45. Kd3 Rg6 46. Rg2 Rxg5 47. Rxg5+ Kxg5 48. Ke3 Kf6 0-1

[Event "DVM U14 2015"]
[Site "Verden/Aller GER"]
[Date "2015.12.30"]
[Round "7"]
[White "Enxing, Philemon"]
[Black "Merx, Florian"]
[Result "1/2-1/2"]
[Termination "normal"]
[Board "8.1"]
[WhiteElo "1494"]
[BlackElo "1628"]
[WhiteTeam "SG Leipzig"]
[BlackTeam "SV Empor Erfurt"]
[PlyCount "107"]
[WhiteFideId "16217632"]
[BlackFideId "16212304"]
[EventCountry "GER"]
[EventRounds "7"]
[EventType "team-swiss"]
[EventDate "2015.12.26"]

1. e4 e5 2. Nf3 Nc6 3. Bc4 Nf6 4. Ng5 d5 5. exd5 b5 6. dxc6 bxc4 7. Nc3 Bd6 8.
Qe2 O-O 9. Qxc4 a5 10. d3 h6 11. Nge4 Nxe4 12. Qxe4 Qe8 13. O-O Ra6 14. Nb5
Rxc6 15. Na7 Rxc2 16. Nxc8 Qxc8 17. Qa4 Rc5 18. Be3 Rd5 19. Rfd1 Qf5 20. d4 e4
21. Rac1 Rb8 22. b3 Rc8 23. Rc4 Qh5 24. Rdc1 Qxh2+ 25. Kf1 Qh1+ 26. Ke2 Qxg2
27. R1c2 Bb4 28. Rxb4 axb4 29. Qxb4 Qg4+ 30. Kd2 Qe6 31. Qb7 Qd7 32. a4 Ra5 33.
Qxe4 Rb8 34. Rc3 h5 35. Qc2 Rb7 36. Ke1 h4 37. Bf4 Raa7 38. Bh2 g6 39. Qe4 Qe6
40. Qxe6 fxe6 41. Kd2 Kf7 42. Bf4 Ra8 43. Bg5 Rh8 44. Rh3 Rh5 45. f4 Rb8 46.
Kc3 Rhh8 47. Kc4 Ke8 48. Rxh4 Rxh4 49. Bxh4 Kd7 50. Be1 Kc6 51. Bd2 Kd6 52.
Bb4+ Kd7 53. Bc3 Kd6 54. Bb4+ 1/2-1/2

[Event "DVM U14 2015"]
[Site "Verden/Aller GER"]
[Date "2015.12.30"]
[Round "7"]
[White "Finke, Daniel"]
[Black "Mücka, Cedric"]
[Result "1/2-1/2"]
[Termination "normal"]
[Board "8.2"]
[WhiteElo "1342"]
[BlackElo "1397"]
[WhiteTeam "SV Empor Erfurt"]
[BlackTeam "SG Leipzig"]
[PlyCount "95"]
[WhiteFideId "16217675"]
[BlackFideId "16217640"]
[EventCountry "GER"]
[EventRounds "7"]
[EventType "team-swiss"]
[EventDate "2015.12.26"]

1. e4 c5 2. Nf3 d6 3. d4 cxd4 4. Nxd4 Nf6 5. Nc3 g6 6. f3 Bg7 7. Be3 O-O 8. Bd3
Nc6 9. O-O Nxd4 10. Bxd4 Be6 11. Re1 a6 12. Qd2 Rc8 13. Kh1 Nd7 14. Bxg7 Kxg7
15. Nd5 Ne5 16. Rac1 Bxd5 17. exd5 Nxd3 18. Qxd3 Re8 19. Qd4+ Kg8 20. Qb4 Rc7
21. Qb3 Qc8 22. Qd3 Rc5 23. b3 Rc3 24. Qd2 b5 25. Re3 b4 26. Rxc3 Qxc3 27. Qxc3
bxc3 28. Re1 Kf8 29. Re3 Rc8 30. Kg1 Rc5 31. Rd3 Ke8 32. Kf2 Kd7 33. Ke3 e6 34.
a4 a5 35. g4 Rxd5 36. Rxd5 exd5 37. Kd3 Kc6 38. Kd4 g5 39. h3 h6 40. Kd3 Kc5
41. Kxc3 d4+ 42. Kd3 Kd5 43. Kd2 Ke5 44. Kd3 d5 45. Kd2 Kd6 46. Kd3 Kc5 47. Kd2
Kb4 48. Kd3 1/2-1/2